000 00268nam a22001217a 4500
999 _c162099
_d162099
082 _a
_b
100 _aMackenzie C F
245 _aHistories of India/
_cby Mackenzie C F.
260 _aNew Delhi:
_bDiscovery,
_c1989.
300 _a277p.
650 _a
942 _cBK